Foreign exchange risk management system : (Record no. 58084)

MARC details
000 -LEADER
fixed length control field 00885nam a22002417a 4500
005 - DATE AND TIME OF LATEST TRANSACTION
control field 20111103164127.0
008 - FIXED-LENGTH DATA ELEMENTS--GENERAL INFORMATION
fixed length control field 111103t xxu||||| |||| 00| 0 eng d
010 ## - LCCN (DPL NO)
LC control number ENG-104026
020 ## - INTERNATIONAL STANDARD BOOK NUMBER
International Standard Book Number 9788124116616
Terms of availability 595.00
035 ## - SYSTEM CONTROL NUMBER
System control number EN-87559
037 ## - SOURCE OF ACQUISITION
Source of stock number/acquisition DBAD/PUB
040 ## - CATALOGING SOURCE
Original cataloging agency DPL
Language of cataloging Eng
082 ## - DEWEY DECIMAL CLASSIFICATION NUMBER
Classification number 332.45
100 ## - MAIN ENTRY--PERSONAL NAME
9 (RLIN) 35683
Personal name Verma, Anshul
245 ## - TITLE STATEMENT
Title Foreign exchange risk management system :
Statement of responsibility, etc by Anshul Verma
Remainder of title an Indian perspective /
260 ## - PUBLICATION, DISTRIBUTION, ETC. (IMPRINT)
Place of publication, distribution, etc New Delhi
Name of publisher, distributor, etc Har-Anand Publications
Date of publication, distribution, etc 2012
270 ## - ADDRESS
Address E-49/3, Okhla Industrial Area, Phase-II
City New Delhi
Postal code 110020
300 ## - PHYSICAL DESCRIPTION
Extent 189p.
Dimensions 22cm (Hb)
500 ## - GENERAL NOTE
General note Includes bibliographical references
700 ## - ADDED ENTRY--PERSONAL NAME
9 (RLIN) 35668
942 ## - ADDED ENTRY ELEMENTS (KOHA)
Source of classification or shelving scheme Dewey Decimal Classification
Item type English Books
Classification part 332.45
Call number suffix VER
Holdings
Withdrawn status Lost status Source of classification or shelving scheme Damaged status Not for loan Collection code Home library Current library Date acquired Source of acquisition Cost, normal purchase price Total Checkouts Full call number Barcode Date last seen Copy number Cost, replacement price Koha item type
    Dewey Decimal Classification   Not For Loan Non-fiction D.B.Act.Division D.B.Act.Division 03/11/2011 DBAD/PUB 595.00   332.45 VER EN-87559 03/11/2011 1 595.00 English Books

© Delhi Public Library
Hit Counter
free hit counter